[Event "Puget Sound Open"]
[Site "?"]
[Date "1971.05.09"]
[Round "5"]
[White "Bailey, B."]
[Black "Rowan, T."]
[Result "1-0"]
[WhiteElo "1958"]
[BlackElo "1883"]
[Annotator "Stockfish 14 (15s)"]
[PlyCount "97"]
[EventDate "1971.??.??"]

{B43: Sicilian: Kan Variation: 5 Nc3} 1. e4 c5 2. Nf3 e6 3. d4 cxd4 4. Nxd4 a6
5. a3 Nf6 6. Nc3 Qc7 7. Be2 Nc6 8. Nf3 (8. f4 Nxd4 9. Qxd4 Bc5 10. Qd3 h5 11.
e5 Ng4 12. Ne4 b5 13. h3 Nh6 14. Bf3 Rb8 15. Be3 Bxe3 16. Nd6+ Ke7 17. Qxe3 Nf5
18. Nxf5+ exf5 19. O-O-O Bb7 20. Bxb7 Rxb7 21. Rd6 a5 22. Rhd1 Rd8 {
Garbisu de Goni,U (2380)-Sanchez Ruiz,E Mondariz 1997 1-0}) 8... Be7 9. O-O O-O
10. Bg5 $146 (10. h3 Rd8 11. Be3 b5 12. Re1 d5 13. exd5 Nxd5 14. Nxd5 Rxd5 15.
Bd3 Bf6 16. Rb1 Bb7 17. Qe2 Rad8 18. b4 Nd4 19. Nxd4 Bxd4 20. Bxd4 Rxd4 21. Qe5
Qxe5 22. Rxe5 Rc8 23. Rbe1 Rd6 24. R5e3 g6 {
Pek Wei Yang,L-Pham Thanh Thong Thailand 2005 0-1 (62)}) 10... b5 11. Bh4 d6
12. Ng5 (12. Bd3 Bb7 $15) 12... h6 13. Nf3 Bb7 14. Qd2 Rfd8 15. Bg3 (15. Bd3
Nb8 $17) 15... Na5 16. Qe3 Nc4 17. Bxc4 Qxc4 (17... bxc4 $143 18. h3 $17) 18.
Nd2 (18. Rfe1 Rac8 $17) 18... Qc6 19. f3 $4 (19. Nb3 $142 $19) 19... d5 20. Qe1
d4 (20... dxe4 21. Ndxe4 Nxe4 22. Nxe4 Qxc2 23. Be5 Bxe4 24. Rc1 $19) 21. Ne2 (
21. Na2 Qxc2 22. Qc1 Rac8 $19) 21... Qxc2 22. b4 d3 (22... a5 $5 23. bxa5 Ba6
24. Rb1 $19) 23. Nc1 Rac8 (23... a5 24. Ncb3 axb4 25. Rc1 $19) 24. Ra2 (24.
Ncb3 Qb2 25. Qb1 Qxb1 26. Raxb1 $19 (26. Nxb1 $4 Nh5 $19)) 24... Qc6 (24... Qa4
$142 25. Bf4 Rc2 $19) 25. Ndb3 Qd7 $4 (25... Qc4 $142 26. Na5 Qd4+ 27. Bf2 d2
28. Bxd4 dxe1=Q 29. Rxe1 Rxd4 30. Nxb7 Nd7 $19) 26. Rd2 $11 Rc3 27. Be5 Rc2 28.
Rxd3 Qc6 (28... Qc8 29. Rc3 Rxc3 30. Qxc3 Qxc3 31. Bxc3 $11) 29. Rxd8+ (29. Qd1
$142 $1 Qb6+ 30. Bd4 $16) 29... Bxd8 $11 30. Kh1 $2 (30. Nd3 Nd7 31. Qd1 Qc4
$11) 30... Bb6 (30... Nxe4 $142 $5 31. Nd4 Nf2+ 32. Kg1 Bb6 33. Nxc6 Nd3+ 34.
Nd4 Nxe1 35. Rxe1 f6 $15) 31. Bd4 $11 Nd7 32. Bxb6 Qxb6 (32... Nxb6 $4 33. Nd4
Qc4 34. Nxc2 Qxc2 35. Qf2 Qxf2 36. Rxf2 $18) 33. Qd1 Rf2 34. Rxf2 (34. Re1 Qc7
$14) 34... Qxf2 $11 35. Nd3 Qe3 36. h3 Qb6 (36... Kh7 37. Kh2 $11) 37. Ndc5 $14
Nxc5 $4 (37... Nf8 38. Na5 Ba8 39. Nab3 $14) 38. Nxc5 (38. bxc5 Qc6 39. Qd8+
Kh7 $18) 38... Bc8 $4 (38... Qc7 39. Qd2 $11) 39. Qd4 (39. e5 $142 Bb7 40. Qd6
Qc6 41. Qd8+ Kh7 42. Qd3+ Kg8 43. Qd8+ Kh7 $18) 39... Qc7 $2 (39... a5 $142 $5
$14) 40. e5 $16 Qe7 (40... Bb7 41. Qd6 Qc8 42. Qb6 $18) 41. Kh2 g6 $4 (41...
Qg5 42. h4 Qf5 43. Ne4 Qf4+ 44. Kh3 Qf5+ 45. Kg3 $18) 42. g3 (42. Ne4 $142 $18)
42... Kg7 $4 (42... Qg5 $142 43. Ne4 Qc1 44. Qd8+ Kg7 $18) 43. f4 (43. h4 $142
f5 $18) 43... Qf8 $4 (43... a5 $142 $11) 44. Qd6 $18 Qe8 45. Qc7 Kg8 (45... a5
46. g4 axb4 47. axb4 Qf8 $18) 46. Ne4 Kg7 47. Nd6 Qd7 48. Qxc8 Qa7 (48... Qxc8
49. Nxc8 f6 $18) 49. Ne8+ (49. Ne8+ Kh8 50. Nf6+ Kg7 51. Qg8#) 1-0

[Event "Simultaeneous"]
[Site "?"]
[Date "1971.05.11"]
[Round "?"]
[White "Bailey, B."]
[Black "Acers, J."]
[Result "0-1"]
[WhiteElo "1977"]
[BlackElo "2409"]
[Annotator "Stockfish 14 (15s)"]
[PlyCount "64"]
[EventDate "1971.??.??"]

{C07: French Tarrasch: 3...c5, 4 Ngf3 and 4 exd5 Qxd5} 1. e4 e6 2. d4 d5 3. Nd2
a6 4. Ngf3 c5 5. e5 (5. c4 dxc4 6. Nxc4 b5 7. Nce5 cxd4 8. a4 Nf6 9. axb5 Bb4+
10. Bd2 Bxd2+ 11. Qxd2 O-O 12. Bd3 Bb7 13. Nc6 Nxc6 14. bxc6 Bxc6 15. e5 Ne4
16. Bxe4 Bxe4 17. Ng5 Bxg2 18. Rg1 Bb7 19. Ra3 Qd5 {
Sahl,B (2400)-Schussler,H (2525) Copenhagen 1988 0-1 (41)}) 5... cxd4 6. Nxd4
$146 (6. Bd3 Nc6 7. Nb3 Qc7 8. Qe2 Bb4+ 9. Kf1 Nge7 10. Bf4 Ng6 11. Bg3 Qb6 12.
h4 h5 13. Kg1 Bd7 14. Ng5 Nge7 15. a3 Bc5 16. Qf3 Nd8 17. a4 Rc8 18. Bf4 Nf5
19. Bd2 Qc6 20. g3 Ba7 {
Makoli,P (2206)-Bosman,M (2332) Saint Vincent 2005 1-0 (53)}) 6... Nc6 7. N2f3
Nge7 8. Bd3 Ng6 9. Bxg6 hxg6 10. Qe2 (10. O-O $5 $14) 10... Bd7 $11 11. Bf4 Bc5
(11... Be7 12. h3 g5 13. Be3 $15) 12. c3 (12. O-O-O Qb6 13. Be3 a5 $11) 12...
Qb6 (12... Nxd4 13. Nxd4 Qh4 14. g3 $15) 13. Rd1 (13. Be3 $142 $5 $14) 13...
Nxd4 $15 14. Nxd4 Bxd4 (14... Bb5 $5 15. Qg4 a5 $15) 15. Rxd4 $11 Bb5 16. Qc2
Rc8 17. Be3 Qc7 18. f4 g5 $2 (18... O-O 19. a4 Bd7 20. O-O $14) 19. Kf2 (19. a4
Bd7 20. O-O O-O $18) 19... g6 $2 (19... gxf4 $142 20. Bxf4 Qe7 $11) 20. h3 $18
Rh4 (20... gxf4 21. Bxf4 g5 22. Bg3 $18) 21. g3 (21. fxg5 Rxd4 22. Bxd4 Qc4 $18
) 21... gxf4 22. Bxf4 Rh8 23. g4 Qe7 (23... g5 24. Bxg5 Qxe5 $14) 24. g5 $4 (
24. Qd2 $142 $5 Rh7 25. Kg3 Qh4+ 26. Kg2 $18) 24... Rh4 (24... Rc4 $5 $14) 25.
Kg3 $16 Rh5 26. h4 Kf8 27. Kg4 (27. Be3 Qc7 28. Rf4 Qxe5 $16) 27... Kg7 28. Bg3
Rch8 (28... Qc7 $142 $16) 29. Qf2 $4 (29. a4 $142 Bc6 30. Rf1 $16) 29... Rxg5+
$15 30. hxg5 Rxh1 31. Qf6+ Kf8 32. a4 $4 (32. Rd2 $142 $17) 32... Be2+ $19 (
32... Be2+ 33. Kf4 Rf1+ 34. Ke3 Rxf6 35. gxf6 Qc5 36. Kxe2 Kg8 $19) 0-1

[Event "Match"]
[Site "?"]
[Date "1971.05.25"]
[Round "1"]
[White "Bailey, B."]
[Black "LeCompte, G."]
[Result "1-0"]
[WhiteElo "1958"]
[BlackElo "2046"]
[Annotator "Stockfish 14 (15s)"]
[PlyCount "83"]
[EventDate "1971.??.??"]

{C10: French with 3 Nc3: Unusual Black 3rd moves and 3...dxe4} 1. e4 e6 2. d4
d5 3. Nd2 dxe4 4. Nxe4 Nd7 5. Nf3 Ngf6 6. Nxf6+ Nxf6 7. Bd3 c5 8. dxc5 Bxc5 9.
Bg5 Bd7 (9... h6 10. Bh4 Qa5+ 11. c3 Be7 12. O-O O-O 13. Qe2 Rd8 14. Ne5 Bd7
15. Nxd7 Rxd7 16. Bb5 Rdd8 17. Bc4 Kf8 18. Rad1 Qc5 19. Bg3 Bd6 20. Bxd6+ Rxd6
21. Rxd6 Qxd6 22. Rd1 Qc7 23. Qd3 Ng4 24. Qd6+ {
Lutz,C (2560)-Luther,T (2550) Ptuj 1995 1/2-1/2 (31)}) 10. Qe2 Bc6 $146 (10...
Qc7 11. c3 Bc6 12. O-O Bd6 13. Bb5 h6 14. Bxc6+ bxc6 15. Bxf6 gxf6 16. Rad1
O-O-O 17. g3 h5 18. Nd4 Kb7 19. Qf3 h4 20. Nb5 Qe7 21. Nd4 Qc7 22. Nb5 Qe7 23.
Nxd6+ Rxd6 24. Rxd6 Qxd6 25. Qxf6 {
Lemmers,O-Van der Weide,K Nijmegen 1992 0-1 (50)}) (10... h6 11. Bh4 Bc6 12.
Ne5 Qd4 13. Bxf6 gxf6 14. Nxc6 bxc6 15. O-O Rd8 16. Be4 Qxb2 17. Bxc6+ Kf8 18.
Rfd1 Rxd1+ 19. Rxd1 f5 20. g3 Kg7 21. Rd7 Qf6 22. Bf3 Re8 23. Qb5 Re7 {
1/2-1/2 (23) Paljusaj,E (2230)-Castaldo,F (2304) Patras 2001}) (10... Qa5+ 11.
c3 Bd6 12. a4 $14) 11. O-O-O $14 Qa5 (11... Qc7 $142 $14) 12. Bc4 (12. Kb1 $142
$16) 12... Ne4 $15 13. Bd2 Nxd2 14. Rxd2 Bxf3 15. Qxf3 O-O 16. Rd7 (16. Qxb7
$142 $5 Rab8 17. Qa6 $11) 16... Qa4 $17 17. Qd3 b5 (17... Bxf2 $5 18. Rf1 Bh4
19. Rxb7 Qc6 $17) 18. Bb3 $15 Qf4+ 19. Kb1 Rab8 20. f3 a5 21. c3 a4 (21... b4
22. g3 Qf6 23. Rc1 $11) 22. g3 (22. Bc2 $5 g6 23. a3 $16) 22... Qf6 23. Bc2 g6
24. h4 $4 (24. a3 $142 b4 25. cxb4 Bxb4 26. axb4 (26. Bxa4 $143 Bd6 27. Bb5 Be5
$17) 26... Rxb4 27. Qa3 $11) 24... b4 $19 25. Bxa4 bxc3 26. Bb3 Rxb3 (26...
cxb2 $142 27. h5 Rfc8 $19) 27. axb3 $11 cxb2 28. Rd1 Bb6 29. Rd2 Qe5 30. f4 (
30. g4 Qe1+ 31. Kxb2 Ra8 $11) 30... Qe1+ (30... Qa5 31. Kxb2 Ra8 32. Qc3 Qa1+
33. Kc2 Ra2+ 34. Kd3 Qf1+ 35. Ke4 $11) 31. Rd1 (31. Kxb2 $142 Rc8 32. Rd1 Qf2+
33. Rd2 $11) 31... Qb4 $4 (31... Qa5 $142 32. Kxb2 Ra8 $15) 32. Kxb2 $16 Rb8 $4
(32... Bc5 $142 $16) 33. Qc3 $18 Qf8 (33... Qb5 34. R1d3 Ba5 $18) 34. g4 Bc5 (
34... Ra8 35. R1d6 Ba5 36. Qf6 $18) 35. Kb1 (35. h5 $142 Rc8 36. Qf6 Bb4 $18)
35... Ra8 (35... Bb4 36. Qf6 Ba5 37. R1d3 $18) 36. f5 exf5 (36... Bb4 37. Qf3
$18) 37. gxf5 Bb4 (37... Rc8 38. h5 $1 gxh5 39. R1d2 $18) 38. Qf3 Ba5 (38...
Rc8 39. fxg6 hxg6 $18) 39. fxg6 hxg6 40. Rf1 Qg7 41. Qxa8+ Kh7 (41... Qf8 42.
Qxa5 g5 43. Qxg5+ Kh8 44. Rd8 Kh7 45. Rxf8 f6 46. R8xf6 Kh8 47. Rh6#) 42. Rdxf7
(42. Rdxf7 Bc3 43. Rxg7+ Bxg7 44. Rf7 Kh6 45. Qe4 g5 46. h5 Kxh5 47. Rxg7 g4
48. Qxg4+ Kh6 49. Qg5#) (42. Rfxf7 Bc3 43. Rxg7+ Bxg7 44. Qf8 Kh6 45. Rxg7 Kh5
46. Qf4 g5 47. Qxg5#) 1-0

[Event "Match"]
[Site "?"]
[Date "1971.06.01"]
[Round "2"]
[White "LeCompte, G."]
[Black "Bailey, B."]
[Result "1-0"]
[WhiteElo "2046"]
[BlackElo "1958"]
[Annotator "Stockfish 12 (15s)"]
[PlyCount "95"]
[EventDate "1971.??.??"]

{D25: Queen's Gambit Accepted: 4 e3: sidelines and 4...Bg4} 1. d4 d5 2. c4 dxc4
3. Nf3 Nf6 4. e3 g6 5. Bxc4 Bg7 6. O-O O-O 7. Nc3 Nfd7 8. Qe2 Nb6 9. Bb3 Nc6
10. Rd1 Bg4 11. h3 Bxf3 12. Qxf3 e6 13. d5 $146 (13. Na4 Nxa4 14. Bxa4 Qd6 15.
Bd2 Rfb8 16. a3 a5 17. Rac1 Ne7 18. Rc5 b6 19. Rc2 Ra7 20. Bb5 Qd8 21. Be1 Nf5
22. Bc6 Ne7 23. Bb5 Nf5 24. a4 h5 25. d5 e5 26. g3 Nd6 27. g4 e4 {
Taimanov,M (2510)-Ravisekhar,R (2400) Delhi 1982 1/2-1/2 (43)}) (13. Ne4 Rb8 (
13... Na5 14. Nc5 Qc8 15. Bc2 Rd8 16. b4 Nc6 17. Bd2 Nd5 18. b5 Nce7 19. Rac1
b6 20. Na6 c6 21. Bb3 Qb7 22. e4 Nc7 23. Nxc7 Qxc7 24. d5 exd5 25. exd5 c5 26.
d6 Qxd6 27. Qxf7+ Kh8 28. Bg5 {
Milanovic,D (2477)-Milin,D (2100) Beograd 2006 1-0}) 14. Bd2 Nd5 15. Rac1 Nce7
16. Nc5 Nf5 17. g4 Nfe7 18. e4 Nb6 19. Bg5 Nd7 20. Qg3 Nxc5 21. dxc5 Qe8 22.
Qxc7 Nc6 23. Ba4 Bxb2 24. Rb1 Be5 25. Qd7 Qc8 26. Kg2 Kg7 27. Be3 Na5 {
Kramnik,V (2775)-Kamsky,G (2735) Monte Carlo 1996 1/2-1/2 (47)}) (13. a4 Na5
14. Bc2 Qe7 15. b3 c5 16. Ba3 Nd7 17. Ne4 b6 18. Rac1 f5 19. Nd2 Rfc8 20. Bd3
Qd8 21. Ba6 Rc7 22. b4 Nc6 23. bxc5 bxc5 24. Bxc5 Nb6 25. Bxb6 axb6 26. Bb5
Rac8 27. Rxc6 {1-0 (27) Cucka,J-Munk,P Brno 1986}) (13. a3 Rb8 $16) 13... Ne5
14. Qe2 exd5 15. Nxd5 c6 $4 (15... c5 $142 16. e4 Nc6 $16) 16. Nc3 (16. Nxb6
$142 Qxb6 17. f4 $18) 16... Qe7 $14 17. e4 Ned7 18. Bf4 Be5 19. Qe3 (19. Bxe5
$5 Qxe5 20. Qe3 $14) 19... Bxf4 $11 20. Qxf4 Nc5 21. Bc2 Nc4 22. b3 Na3 23.
Rac1 (23. Bd3 a6 $11) 23... Nxc2 (23... Rfd8 $5 24. f3 Rxd1+ 25. Nxd1 Rd8 $15)
24. Rxc2 $11 Rfd8 25. Rcd2 Rxd2 26. Rxd2 Rd8 27. f3 (27. Rxd8+ Qxd8 28. Qe3 b6
$11) 27... Rxd2 28. Qxd2 Ne6 29. Ne2 a6 30. Kf1 b6 31. Qe3 Qd8 32. Ke1 b5 33.
g3 h5 34. f4 c5 35. h4 Nd4 36. Nxd4 cxd4 (36... Qxd4 $4 37. Qxd4 cxd4 38. b4
$18) 37. Qd3 Qa5+ 38. Qd2 Qc3 $4 (38... Qb6 $142 $11) 39. Qxc3 $18 dxc3 40. b4
Kf8 41. Ke2 Ke7 42. Kd3 f6 43. Kxc3 g5 44. hxg5 fxg5 45. Kd4 (45. fxg5 Kf7 46.
e5 $18) 45... gxf4 46. gxf4 Kd6 47. a3 Ke6 48. Kc5 (48. Kc5 h4 49. f5+ Ke5 50.
f6 $19) 1-0

[Event "Match"]
[Site "?"]
[Date "1971.06.15"]
[Round "3"]
[White "Bailey, B."]
[Black "LeCompte, G."]
[Result "1/2-1/2"]
[WhiteElo "1976"]
[BlackElo "2046"]
[Annotator "Stockfish 12 (15s)"]
[PlyCount "101"]
[EventDate "1971.??.??"]

{B17: Caro-Kann: Modern Line (4...Nd7)} 1. e4 c6 2. d4 d5 3. Nc3 dxe4 4. Nxe4
Nd7 5. Nf3 Ngf6 6. Nxf6+ Nxf6 7. c4 (7. Bg5 Bg4 8. Be2 Qd5 9. Bxf6 gxf6 10. h3
Bh5 11. Qd3 Rg8 12. g4 Bg6 13. Qc3 e6 14. O-O-O Qxa2 15. Bc4 Qa4 16. Rhe1 Bb4
17. Bxe6 Qa1+ 18. Kd2 Bxc3+ 19. bxc3 Qxd1+ {
0-1 (19) Blackman,D-Rogers,I (2575) Noosa 1993}) 7... Bg4 (7... g6 8. Bd3 Bg7
9. h3 O-O 10. Be3 Re8 11. O-O Qc7 12. Qc2 Bd7 13. Rad1 Rad8 14. Rfe1 Bc8 15.
Qa4 b6 16. Qc2 Nd7 17. Qc1 c5 18. Bf4 e5 19. dxe5 Nxe5 20. Bxe5 Bxe5 21. Nxe5
Rxe5 22. Rxe5 {Lehtonen,S-Sellberg,J Finland 2006 1/2-1/2 (46)}) 8. Be3 e6 9.
a3 $146 (9. Qc2 Bxf3 10. gxf3 Bb4+ 11. Bd2 Qa5 12. Bc3 O-O-O 13. O-O-O Bxc3 14.
bxc3 Qa3+ {0-1 (14) Melkumian,H-Horvath,L (2110) Mureck 1998}) 9... a5 (9...
Qa5+ 10. Qd2 Qxd2+ 11. Nxd2 $11) 10. Be2 (10. h3 $5 Bf5 11. g4 $14) 10... Be7
11. O-O O-O 12. h3 Bh5 13. Qc2 Bg6 14. Bd3 Bxd3 15. Qxd3 Qc7 16. Rfd1 Rfd8 17.
Qc2 h6 18. Rd2 Rac8 19. Rad1 Bd6 20. Re2 c5 21. Rc1 Bf4 22. Bxf4 Qxf4 23. dxc5
Rxc5 24. b4 axb4 25. axb4 Rh5 26. Rd2 Rxd2 27. Qxd2 Qxd2 28. Nxd2 Rh4 (28... b5
29. g4 Re5 30. Nf3 $11) 29. Kf1 Kf8 30. Ke2 Ke7 (30... b5 31. Kd3 e5 32. Rc3
Rd4+ 33. Kc2 $11) 31. Ke3 (31. Ra1 $5 b5 32. Ra7+ Kd8 33. Kd3 (33. Rxf7 $6 bxc4
34. g3 Rd4 $11) 33... bxc4+ 34. Nxc4 $11) 31... b5 $11 32. g3 Rh5 33. Kd3 Kd7
34. cxb5 Rxb5 35. Kc4 Rd5 36. Rc2 Kc7 37. Kb3+ Kb7 38. Ka4 Nd7 39. Nc4 Nb6+ 40.
Nxb6 Kxb6 41. Kb3 Rd3+ 42. Rc3 Rxc3+ $4 (42... Rd2 $142 43. f4 g5 $11) 43. Kxc3
$18 Kb5 44. f4 f6 45. g4 (45. h4 g6 46. Kb3 $18) 45... g5 $11 46. fxg5 hxg5 47.
Kb3 f5 48. gxf5 exf5 49. Kc3 f4 50. Kd3 Kxb4 51. Ke4 1/2-1/2

[Event "Match"]
[Site "?"]
[Date "1971.06.22"]
[Round "4"]
[White "LeCompte, G."]
[Black "Bailey, B."]
[Result "1/2-1/2"]
[WhiteElo "2046"]
[BlackElo "1976"]
[Annotator "Stockfish 12 (15s)"]
[PlyCount "85"]
[EventDate "1971.??.??"]

{D25: Queen's Gambit Accepted: 4 e3: sidelines and 4...Bg4} 1. d4 d5 2. c4 dxc4
3. Nf3 Nf6 4. e3 g6 5. Bxc4 Bg7 6. O-O O-O 7. Nc3 Nfd7 8. Bxf7+ (8. Qe2 Nb6 9.
Bb3 Bg4 10. h3 Bxf3 11. Qxf3 Nc6 12. Rd1 Qc8 13. Ne4 Na5 14. Bc2 Nac4 15. Nc5
c6 16. b3 Nd6 17. Bb2 Nd7 18. Nd3 Qe8 19. Rac1 Rd8 20. Ba3 Nb5 21. Bb4 Nf6 22.
a4 Nd6 {Golombek,H-Gligoric,S (2575) Moscow 1956 1/2-1/2 (34)}) 8... Rxf7 9.
Ng5 Nb6 $146 (9... Nf8 10. Nxf7 Kxf7 11. Qb3+ e6 12. d5 Bxc3 13. dxe6+ Bxe6 14.
Qxc3 Nc6 15. e4 Qd4 16. Qf3+ Kg8 17. Be3 Qg7 18. b3 Nd7 19. Rad1 Nf6 20. Bh6
Qxh6 21. Qxf6 Re8 22. f3 Qg7 23. Qf4 a5 24. Rd2 {
Olins,E-Lapiken,P Lincoln 1969 1/2-1/2 (42)}) 10. Nxf7 Kxf7 11. f4 $2 (11. Qe2
c6 $17) 11... e6 (11... Kg8 12. Qf3 e6 13. Bd2 $17) 12. Qb3 Kf8 13. Bd2 Nc6 14.
Rad1 Qe7 15. Ne2 (15. Ne4 a5 $17) 15... Qf7 (15... Bd7 16. a3 $19) 16. g4 (16.
e4 $142 $5 Bd7 17. Qc2 $17) 16... Kg8 $19 17. Bc3 (17. Rf2 $142 $19) 17... Nd5
18. Rd3 (18. Bd2 b6 $19) 18... Nxc3 (18... b6 19. Qa4 Bd7 20. Qb3 $19) 19. bxc3
$2 (19. Rxc3 a5 20. Rc4 $19) 19... b6 20. Rd2 (20. Rdd1 Ba6 21. Rde1 Ne7 $19)
20... Ba6 21. f5 (21. Qc2 Na5 $19) 21... exf5 (21... gxf5 $142 $5 22. d5 exd5
23. Rxf5 $19) 22. Qxf7+ Kxf7 23. gxf5 gxf5 (23... Kg8 $142 24. fxg6 hxg6 25.
Rf3 $19) 24. Rxf5+ Kg6 $4 (24... Kg8 $142 25. Rf3 Bc4 $19) 25. e4 $16 Bxe2 $4 (
25... Bh6 $142 26. Nf4+ Kg7 27. Rg2+ Kh8 $16) 26. Rxe2 $18 Rf8 27. Rg2+ Kh6 28.
Rfg5 (28. Rxf8 $142 Bxf8 29. Rg8 $18) 28... Bf6 $4 (28... Nxd4 29. Rxg7 Ne2+
30. Rxe2 Kxg7 31. Rg2+ Kf6 32. Rf2+ Ke7 33. Rxf8 Kxf8 34. Kf2 $11) 29. R5g3 $4
(29. Rg8 $142 Rf7 30. Rf2 Rg7+ 31. Rxg7 Kxg7 32. e5 $18) 29... Kh5 $4 (29...
Bh4 30. Rg4 Kh5 31. Rg7 $11) 30. Rh3+ (30. Rg8 $142 Rxg8 31. Rxg8 $18) 30...
Bh4 $11 31. Rg7 h6 32. Rxc7 Na5 $4 (32... Nd8 33. d5 Kg4 34. Rd3 $11) 33. Rxa7
$4 (33. e5 $142 Kg4 34. Rd3 $18) 33... Nc4 $11 34. Kg2 $4 (34. Rg7 $142 $5 Nd2
35. e5 Nf3+ 36. Kg2 $11) 34... Nd2 $17 35. Rg7 $2 (35. e5 $142 Rf2+ 36. Kh1 $17
) 35... Rf2+ $19 36. Kh1 Nxe4 $4 (36... Nf3 $142 $19) 37. a4 $4 (37. Re3 Ng5
38. Rge7 Rc2 $11) 37... Nd2 (37... Ng5 $142 $5 38. Rxg5+ Kxg5 39. Rd3 $19) 38.
Kg1 $4 (38. Rg2 $5 Rf1+ 39. Rg1 $11) 38... Rf1+ (38... Nf3+ $142 39. Kh1 Rf1+
40. Kg2 Rf2+ 41. Kh1 Ng5 $19) 39. Kg2 $15 Rf2+ 40. Kh1 Rf1+ (40... Nf3 41. Rf7
Rf1+ 42. Kg2 Rg1+ 43. Kxf3 Rf1+ 44. Ke4 Rxf7 45. d5 $11) 41. Kg2 (41. Rg1 $142
$5 Rf4 42. Re3 $11) 41... Rf2+ $17 42. Kh1 Rf1+ (42... Nf3 $142 43. Rf7 Rf1+
44. Kg2 Rg1+ 45. Kxf3 Rf1+ 46. Ke4 Rxf7 $17) 43. Kg2 $11 1/2-1/2

[Event "Match"]
[Site "?"]
[Date "1971.06.29"]
[Round "5"]
[White "Bailey, B."]
[Black "LeCompte, G."]
[Result "1/2-1/2"]
[WhiteElo "1976"]
[BlackElo "2046"]
[Annotator "Stockfish 12 (15s)"]
[PlyCount "93"]
[EventDate "1971.??.??"]

{B16: Caro-Kann: Bronstein-Larsen Variation} 1. e4 c6 2. d4 d5 3. Nc3 dxe4 4.
Nxe4 Nf6 5. Nxf6+ gxf6 6. Nf3 Bg4 7. Be2 e6 8. Bf4 Bd6 9. Qd2 Qc7 10. Bxd6 Qxd6
11. O-O-O Nd7 12. Qa5 $146 (12. Rhe1 O-O-O 13. h3 Bf5 14. Nh4 Bg6 15. Nxg6 hxg6
16. Bf3 Nb6 17. c3 Rh4 18. Qc2 Rf4 19. Re4 Rxe4 20. Qxe4 g5 21. Qe2 f5 22. Re1
Nd5 23. g3 Rh8 24. Bg2 Nc7 25. Qe5 Qxe5 26. Rxe5 f6 {
Rabar,B-Milic,B Ljubljana 1945 1/2-1/2 (36)}) (12. h3 Bxf3 13. Bxf3 O-O-O 14.
Rhe1 f5 (14... Kb8 15. Re3 Nb6 16. Rd3 f5 17. Kb1 Rhg8 18. Qh6 Rh8 19. Bh5 Rdf8
20. Rg3 Nd5 21. Rf3 Qe7 22. c4 Qf6 23. Qc1 Nb6 24. Ra3 Rd8 25. Qc3 Rd7 26. Qa5
Nc8 27. Qe5+ Qxe5 28. dxe5 Rxd1+ 29. Bxd1 {
Yanofsky,D-Patty,J Montreal 1959 1-0 (47)}) 15. Kb1 Kb8 16. Qa5 Rhg8 17. Re3
Qc7 18. Qxc7+ Kxc7 19. b3 Nf6 20. c4 Rd6 21. Kc2 Rgd8 22. Kc3 b6 23. a3 a6 24.
Re2 Ra8 25. Rde1 Rad8 26. Rd1 Re8 {
Zimina,O (2172)-Atalik,E (2336) Rybinsk 1999 1/2-1/2}) (12. Kb1 O-O-O 13. c4
Rhg8 14. g3 f5 15. Qa5 a6 16. Rhe1 Qc7 17. Qc3 f4 18. Nd2 fxg3 19. hxg3 Bf5+
20. Ka1 Nf6 21. Bf3 Ng4 22. Re2 c5 23. Ne4 cxd4 24. Qb4 Ne5 25. Nd6+ Rxd6 26.
Rxe5 Rb6 {Diviak,R (1937)-Vysoglad,P (2092) Frydek Mistek 2006 1/2-1/2 (56)})
12... Nb6 13. Kb1 Nd5 14. h3 Bh5 15. g3 Qb4 16. Qxb4 Nxb4 17. a3 Nd5 18. Rhe1
O-O-O 19. Nh2 Bxe2 20. Rxe2 h5 21. Kc1 Ne7 22. Nf3 Nf5 23. c3 Rhg8 (23... Kc7
24. a4 $11) 24. Nd2 (24. Re4 Ne7 $14) 24... Nd6 $11 25. Ne4 (25. Nf3 a5 $11)
25... Nxe4 (25... f5 26. Nd2 $11) 26. Rxe4 Kd7 27. Re3 (27. Kc2 a5 $11) 27...
Rg5 28. Kc2 Rdg8 (28... Rf5 29. Rf1 $11) 29. Kd3 Kd6 30. Rf3 Ke7 31. Re1 Rb5
32. b4 Rd5 33. h4 Rg4 34. Re4 f5 35. Re5 Kd6 36. Rxd5+ Kxd5 37. c4+ Kd6 38. Re3
f6 39. Rf3 b5 40. Rf4 Rxf4 41. gxf4 a6 42. f3 Kd7 43. c5 Kc7 44. Kc3 Kd7 45.
Kb3 Kc7 46. a4 Kd7 47. axb5 1/2-1/2

[Event "Match"]
[Site "?"]
[Date "1971.07.05"]
[Round "6"]
[White "LeCompte, G."]
[Black "Bailey, B."]
[Result "1/2-1/2"]
[WhiteElo "2046"]
[BlackElo "1976"]
[Annotator "Stockfish 12 (15s)"]
[PlyCount "126"]
[EventDate "1971.??.??"]

{C27: Vienna Game: 2...Nf6 3 Bc4 Nxe4} 1. e4 e5 2. Nc3 Nf6 3. Bc4 Nxe4 4. Qh5
Nd6 5. Bb3 g6 6. Qxe5+ Qe7 7. Qxe7+ Bxe7 8. Nf3 O-O 9. O-O c6 10. d4 Nf5 11.
Re1 Bf6 $4 $146 (11... Bb4 12. Bg5 d5 13. g4 Ng7 14. Be7 Bxe7 15. Rxe7 Re8 16.
Rae1 Rxe7 17. Rxe7 Kf8 18. Re1 Bxg4 19. Ng5 Ne6 20. Nxe6+ Bxe6 21. Nb1 a5 22.
c3 Nd7 23. Nd2 Re8 24. Nf3 Bg4 25. Rxe8+ Kxe8 26. Nd2 {
Matejovsky,O (1930)-Smid,J (2140) Plzen 2001 0-1 (51)}) (11... d5 $142 $11) 12.
d5 $18 Bxc3 13. bxc3 cxd5 (13... d6 14. h3 cxd5 15. Bxd5 $18) 14. Ba3 d6 15.
Bxd5 Nc6 (15... Nd7 16. Rad1 Nb6 17. Bb3 $18) 16. Rad1 (16. Rab1 Be6 17. Bxe6
fxe6 18. Rxb7 e5 $18) 16... Bd7 (16... h6 17. Nd2 $18) 17. Ng5 h6 18. Ne4 Kg7 (
18... Rfd8 19. Bxd6 Rac8 20. Bb3 $18) 19. Nxd6 (19. c4 $142 f6 20. c5 $18 (20.
Nxd6 $143 Nxd6 21. Bxd6 Rfe8 $18)) 19... Nxd6 20. Bxd6 Rfe8 (20... Rfd8 21. f3
$18) 21. f3 (21. c4 $142 $5 Bf5 22. c3 Rxe1+ 23. Rxe1 Be6 24. Bxe6 Re8 $18)
21... Rxe1+ 22. Rxe1 Re8 $2 (22... Bf5 $142 23. Bb3 Rd8 $18) 23. Rxe8 Bxe8 24.
Kf2 Kf6 25. Ke3 Bd7 26. Bc5 (26. c4 Bf5 27. Kd2 g5 $18) 26... Be8 (26... Bf5
27. Bb3 b6 $18) 27. Bxc6 (27. c4 $142 $18) 27... Bxc6 $11 28. Bxa7 Ke5 (28...
Bb5 $5 $11) 29. c4 $16 Bd7 (29... Ke6 $16) 30. h4 (30. Bd4+ Kf5 $16) 30... h5 (
30... Kf5 31. Bb8 $14) 31. Bd4+ (31. Kd3 $5 $16) 31... Kf5 $11 32. Bb6 Ke5 (
32... f6 33. Bd8 $11) 33. c3 (33. Bc7+ Ke6 $16) 33... Bc6 34. Bc7+ Ke6 (34...
Kf5 35. Kf2 $11) 35. Kf4 (35. Kd4 Ba4 $16) 35... Kd7 (35... f6 36. Bb6 $14) 36.
Be5 Ke6 37. Bd4 f5 (37... f6 $142 $5 $14) 38. Kg5 $16 Kf7 39. Kf4 Ke6 40. g4 $4
(40. Ke3 $142 $16) 40... fxg4 $11 41. fxg4 Bg2 42. g5 Bc6 43. Bf6 Kd6 44. Ke3
Kc5 45. Kd3 Bd7 46. Bd4+ Kd6 47. Kc2 Ba4+ 48. Kb2 Kc6 49. Ka3 Bd1 50. Kb4 {
White prepares c5} Be2 51. a4 Bf1 52. a5 Be2 53. Bf2 Bd3 54. c5 Be2 55. c4 Bd3
56. Kc3 Bf1 57. Kd4 Be2 58. Bg3 Bf1 59. Bb8 Be2 60. Ba7 Bf1 61. Bb6 Be2 62. Ke5
Bxc4 63. Kf6 Bd3 1/2-1/2